Manchester United FIFA 23 Icons - Statistics

General Stats
  • This quiz has been taken 810 times
  • The average score is 11 of 17
Answer Stats
Hint Answer % Correct
GK Edwin van der Sar
91%
ST Wayne Rooney
91%
CB Rio Ferdinand
87%
CB Nemanja Vidić
86%
CM Paul Scholes
84%
RM David Beckham
81%
GK Peter Schmeichel
74%
RW George Best
70%
CF Éric Cantona
65%
CM Roy Keane
64%
ST Robin van Persie
61%
ST Ruud van Nistelrooy
61%
CB Laurent Blanc
47%
ST Michael Owen
36%
CM Juan Sebastián Verón
34%
CM Bastian Schweinsteiger
20%
ST Henrik Larsson
16%
No matching quizzes found
Score Distribution
Percent of People with Each Score
Percentile by Number Answered
Your Score History
You have not taken this quiz